000 00545nam a2200193Ia 4500
005 20250326142633.0
008 250326s9999 xx 000 0 und d
020 _a81-7049-059-6
037 _aTextbook
040 _aFMSL
_beng
_cFMSL
041 _aeng
_2eng
084 _aX:51.44 N3
_qFMSL
100 _aShanker Ravi
245 0 _aServices marketing : The Indian Experience
_cShanker Ravi
260 _aDelhi
_bDelhi, Manas Publication
_c1993
300 _axviii,522
942 _cTB
_hX:51.44 N3
999 _c1295946
_d1295946